• 首页
  • 本馆介绍
  • 公告通知
  • 最新文献
  • 馆藏检索
  • 电子资源
  • 读者导购
  • 参考咨询
  • 我的图书馆
  • 登录
  • 详细信息显示
  • 放入我的书架
  • 预约/预借图书
  • 作者相关作品
  • 分类相关作品
  • 丛书相关作品
  • 出版社相关作品

书目信息

  • 表格格式
  • 工作单格式
  • 卡片格式
题名:
都市型经济管理专业大学生科研创新行动
    
 
作者: 赵金芳 , 赵连静 , 何忠伟 主编
分册: 2013  
出版信息: 北京   中国农业出版社  2014
页数: 360页
开本: 24cm
丛书名:
单 册:
中图分类: F127.1
科图分类:
主题词: 地方经济--经济管理--科研活动--北京
电子资源:
ISBN: 978-7-109-19524-0
000 01213nam0 2200265 450
001 337770
005 20150529083914.67
010    @a978-7-109-19524-0@dCNY48.00
100    @a20150209d2014 em y0chiy50 ea
101 0  @achi
102    @aCN@b110000
105    @aa z 000yy
106    @ar
200 1  @a都市型经济管理专业大学生科研创新行动@Adu shi xing jing ji guan li zhuan ye da xue sheng ke yan chuang xin xing dong@h2013@f赵金芳, 赵连静, 何忠伟主编
210    @a北京@c中国农业出版社@d2014
215    @a360页@c图@d24cm
300    @a北京市教育委员会2013年本科生研究训练项目专项 北京市属高等学校高层次人才引进与培养计划项目 北京市农业经济管理重点建设学科系列学术著作
330    @a本书对北京市的外来人口生活现状、村集体组织、资源状况、金融发展、村民收入、文化建设等实际问题进行调研, 选出调研报告32篇, 包括《鄂尔多斯民间借贷现状及对策研究》、《京郊地区留守儿童心理发展状况》、《大学生就业意愿影响因素分析》等。
606 0  @a地方经济@x经济管理@x科研活动@y北京
690    @aF127.1@v5
701  0 @a赵金芳@Azhao jin fang@c(管理学)@4主编
701  0 @a赵连静@Azhao lian jing@c(经济管理)@4主编
701  0 @a何忠伟@Ahe zhong wei@f(1969)@4主编
801  0 @aCN@b卓展宏图@c20150525
905    @dF127.1@e244@f5
    
    都市型经济管理专业大学生科研创新行动.2013/赵金芳, 赵连静, 何忠伟主编.-北京:中国农业出版社,2014
    360页:图;24cm
    北京市教育委员会2013年本科生研究训练项目专项 北京市属高等学校高层次人才引进与培养计划项目 北京市农业经济管理重点建设学科系列学术著作
    
    ISBN 978-7-109-19524-0:CNY48.00
    本书对北京市的外来人口生活现状、村集体组织、资源状况、金融发展、村民收入、文化建设等实际问题进行调研, 选出调研报告32篇, 包括《鄂尔多斯民间借贷现状及对策研究》、《京郊地区留守儿童心理发展状况》、《大学生就业意愿影响因素分析》等。
●
相关链接 在E读中查询图书 在五车中查询图书 在当当中查询图书 在豆瓣中查询图书


正题名:都市型经济管理专业大学生科研创新行动     索取号:F127.1/244         预约/预借

序号 登录号 条形码 馆藏地/架位号 状态 备注
1 856042   208560421   第一样本阅览室/ [索取号:F127.1/244] 在馆    
2 856043   208560430   第一借阅区/ [索取号:F127.1/244] 在馆    
3 856044   208560449   第一借阅区/ [索取号:F127.1/244] 在馆    
4 856045   208560458   密集书库-海洋学院/ [索取号:F127.1/244] 在馆    
5 856046   208560467   第一借阅区/ [索取号:F127.1/244] 在馆    
唐山师范学院图书馆 欢迎您!
大连网信软件有限公司© 版权所有